Distribution du film "Si Versailles m'était conté" - Sacha Guitry - Statistiques

Statistiques générales
  • Ce quiz a été pris 18 fois
  • Le résultat moyen est 10 sur 20
Statistiques - réponses
Par images Hint Réponse % Correct
Gardien du musée Bourvil
100%
Louis XV Jean Marais
100%
Fille du peuple Edith Piaf
93%
d'Artagnan Gérard Philipe
73%
Louis XIV Sacha Guitry
73%
Gondolier Tino Rossi
67%
Mlle de Rosille Brigitte Bardot
53%
Mme de Pompadour Micheline Presle
53%
Le duc de Saint-Simon Jacques François
47%
Fénélon Jean-Louis Barrault
47%
Benjamin Franklin Orson Welles
47%
Mme de Montespan Claudette Colbert
40%
Cagliostro Gino Cervi
40%
Louison Chabray Danièle Delorme
33%
La comtesse de la Motte Gaby Morlay
33%
Marie-Antoinette Lana Marconi
27%
Mme Langlois Annie Cordy
20%
Rétaux de Villette Guy Tréjan
20%
Marivaux Jean Desailly
20%
Le Cardinal de Rohan Jean-Pierre Aumont
20%
Aucun quiz correspondant
Distribution des résultats
% des personnes avec chaque résultat
Percentile par nombre de réponses
Votre historique - résultats
Vous n’avez pas pris ce quiz